000 00606nam a22002417a 4500
003 UA-OsUOA
001 23731
007 ta
008 20040128b un ||||| |||| 00| 0 ukr d
090 _a32(038)
_bХ97
942 _cBK
040 _aUA-OsUOA
_bukr
_cUA-OsUOA
_dUA-OsUOA
245 _aХто є Хто
_bМалий політологічний словник
_cРед. Б.Кухта
300 _a288 с.
955 _a0
041 _aukr
080 _a32(038)
020 _a5-7707-8547-0
260 _aЛьвів
_bКальварія
_c1995
044 _aUA
650 7 _2UDC
999 _c309988
_d309988